|
|
|
|
| LEADER |
00000nam2a2200000 4500 |
| 001 |
42906 |
| 005 |
20231101210800.0 |
| 035 |
|
|
|a (RuTPU)RU\TPU\book\44301
|
| 035 |
|
|
|a RU\TPU\book\174775
|
| 035 |
|
|
|a RU\TPU\book\44297
|
| 035 |
|
|
|a RU\TPU\book\44299
|
| 090 |
|
|
|a 42906
|
| 100 |
|
|
|a 20090604d1927 km y0rusy50 ca
|
| 101 |
0 |
|
|a rus
|
| 102 |
|
|
|a RU
|
| 105 |
|
|
|a y z 001zy
|
| 200 |
0 |
|
|a Т. 3 : Слюда - цирконий
|
| 210 |
|
|
|d 1927
|
| 215 |
|
|
|a 719 с.
|c ил.
|
| 317 |
|
|
|5 63413507: 179325
|a Поступила в НТБ в 1940 г. в составе книжного собрания академика М. А. Усова.
|
| 317 |
|
|
|5 63413507: КР-6999
|a Поступил в НТБ в 2004 г. в составе книжного собрания кафедры общей геологии
|
| 320 |
|
|
|a Указатели: с. 645-710.
|
| 320 |
|
|
|a Библиогр. в конце ст.
|
| 461 |
|
1 |
|0 (RuTPU)RU\TPU\book\44296
|t Нерудные ископаемые
|o сборник
|o в 3 т.
|f Академия наук СССР (АН СССР), Комиссия по изучению естественных производительных сил СССР ; под ред. И. И. Гинзбурга ; И. Д. Курбатова ; В. А. Унковского ; А. Е. Ферсмана ; Д. И. Щербакова
|v Т. 3 : Слюда - цирконий
|d 1926-
|
| 606 |
1 |
|
|a Неметаллические ископаемые нерудные
|x Месторождения
|x Системы разработки
|2 stltpush
|3 (RuTPU)RU\TPU\subj\45345
|9 64593
|
| 610 |
1 |
|
|a геология
|
| 610 |
1 |
|
|a нерудные ископаемые
|
| 610 |
1 |
|
|a физические свойства
|
| 610 |
1 |
|
|a химические свойства
|
| 610 |
1 |
|
|a распространенность
|
| 610 |
1 |
|
|a природные соединения
|
| 610 |
1 |
|
|a добыча
|
| 610 |
1 |
|
|a месторождения
|
| 610 |
1 |
|
|a переработка
|
| 610 |
1 |
|
|a применение
|
| 610 |
1 |
|
|a потребление
|
| 610 |
1 |
|
|a цены
|
| 610 |
1 |
|
|a эксплуатация
|
| 610 |
1 |
|
|a обогащение
|
| 610 |
1 |
|
|a технология
|
| 610 |
1 |
|
|a очистка
|
| 610 |
1 |
|
|a сплавы
|
| 610 |
1 |
|
|a опробование
|
| 610 |
1 |
|
|a стандартизация
|
| 610 |
1 |
|
|a испытания
|
| 610 |
1 |
|
|a оценка
|
| 610 |
1 |
|
|a требования
|
| 610 |
1 |
|
|a исследования
|
| 610 |
1 |
|
|a экспорт
|
| 610 |
1 |
|
|a импорт
|
| 610 |
1 |
|
|a тара
|
| 610 |
1 |
|
|a пошлины
|
| 610 |
1 |
|
|a заменители
|
| 610 |
1 |
|
|a химические анализы
|
| 610 |
1 |
|
|a сортировка
|
| 610 |
1 |
|
|a слюда
|
| 610 |
1 |
|
|a соль
|
| 610 |
1 |
|
|a строительные камни
|
| 610 |
1 |
|
|a стронций
|
| 610 |
1 |
|
|a тальк
|
| 610 |
1 |
|
|a тантал
|
| 610 |
1 |
|
|a ниобий
|
| 610 |
1 |
|
|a теллур
|
| 610 |
1 |
|
|a титан
|
| 610 |
1 |
|
|a фосфориты
|
| 610 |
1 |
|
|a фтор
|
| 610 |
1 |
|
|a хром
|
| 610 |
1 |
|
|a цементные материалы
|
| 610 |
1 |
|
|a цирконий
|
| 610 |
1 |
|
|a библиотека М. А. Усова
|
| 610 |
1 |
|
|a Коллекция кафедры общей геологии
|
| 610 |
1 |
|
|a дары библиотеке
|
| 675 |
|
|
|a 622.35/.36
|v 3
|
| 801 |
|
1 |
|a RU
|b 63413507
|c 20020918
|g PSBO
|
| 801 |
|
2 |
|a RU
|b 63413507
|c 20211117
|g PSBO
|
| 942 |
|
|
|c BK
|